000 00268nam a22001097a 4500
082 _a823/AMI
100 _aAmish
245 _aSita WArrior Of Mithila
_bRam Chandra Seriesc Book 2
260 _aHaryana
_bHarperCollins Publications
_c2023
650 _aNovel
942 _cBK
999 _c66285
_d66285